| 000 | 02102nam0a2200421 4500 | ||
|---|---|---|---|
| 001 | RU\NLR\bibl\134841 | ||
| 005 | 20250618042820.0 | ||
| 010 |
_a5-7975-0338-7 _95000 |
||
| 021 |
_aRU _b2000-35166 _91630 |
||
| 035 | _a(NLR Aleph) 000132087 | ||
| 090 |
_a754623 _c754623 |
||
| 100 | _a20010205d2000 |||y0rusy50 ca | ||
| 101 | 1 |
_arus _cger |
|
| 102 | _aRU | ||
| 105 | _ay ||||||||| | ||
| 200 | 1 |
_aСудебная практика по административному праву _eУчеб. пособие _fИ. Рихтер, Г.Ф. Шупперт _gПер. с нем. [В.Н. Кузнецова и Д. Мироновой] |
|
| 210 |
_aМ. _cЮристъ _d2000 |
||
| 215 |
_a604 с. _d22 |
||
| 225 | 1 | _aRex cottidiana | |
| 320 | _aБиблиогр.: с. 15-16 | ||
| 606 | 0 |
_aАдминистративное право _jРуководства, пособия и т.п. _yФедеративная Республика Германия _9915794 _3RU\NLR\auth\6615692 |
|
| 606 | 0 |
_aАдминистративное право _jУчебные издания _yФедеративная Республика Германия _9915794 _3RU\NLR\auth\6615692 |
|
| 606 | 0 |
_aСудебная практика _jРуководства, пособия и т.п. _yФедеративная Республика Германия _92019046 _3RU\NLR\auth\66929003 |
|
| 606 | 0 |
_aСудебная практика _jУчебные издания _yФедеративная Республика Германия _92019046 _3RU\NLR\auth\66929003 |
|
| 610 | 0 | _aАдминистративное право | |
| 610 | 0 | _aСудебная практика по административным делам | |
| 675 |
_a342.9(075.8) _v3 _zrus |
||
| 686 |
_a10.15 _2rugasnti |
||
| 686 |
_a67.401я73 _2rubbk |
||
| 686 | _aХ819(4Ф)я7 | ||
| 700 | 1 |
_aРихтер _bИ. _gИнго _4070 |
|
| 701 | 1 |
_aШупперт _bГ. Ф. _gГуннар Фольке _4070 |
|
| 801 | 0 |
_aRU _bRKP _c20010205 _gPSBO |
|
| 801 | 1 |
_aRU _bRKP _c20010205 |
|
| 801 | 2 |
_aRU _bNLR _c20010305 _grcr |
|
| 942 | _cBOOK | ||
| 980 | _aNB | ||